Energetika sústav hospodárenia na pôde

Bibliographic Details
Main Authors: Pospišil, Richard, 1954- (Author), Vilček, Jozef, 1957- (Author)
Format: Book
Language:Slovak
PhysicalDescription:107 s. grafy, mp., sch. 21 cm
Published: Bratislava Výskumný ústav pôdoznalectva a ochrany pôdy 2000
ISBN:8085361752
Subjects:

MARC

LEADER 00000nam a2200000 a 4500
001 vtls001402815
003 SK-MaSNL
005 20260302072006.0
008 240318s2000 xo bap r yy slo
015 |a SNBA2001/02-00610 
020 |a 8085361752 
035 |a SNK000357360 
035 |a urn:nbn:sk:snk-amkm5m 
035 |a urn:nbn:sk:snk-am003twr 
035 |a 93E340AA-D84E-42A7-B0AC-4BBFE8F39568 
040 |a SNK  |b slo  |c SNK  |e AACR2 
041 0 |a slo 
044 |a xo  |c SK 
080 |a 631.4  |2 1981 
100 1 |a Pospišil, Richard,  |d 1954-  |4 aut  |9 7530 
245 1 0 |a Energetika sústav hospodárenia na pôde  |c Richard Pospišil, Jozef Vilček 
260 |a Bratislava  |b Výskumný ústav pôdoznalectva a ochrany pôdy  |c 2000 
300 |a 107 s.  |b grafy, mp., sch.  |c 21 cm 
500 |a 400 výt. 
504 |a Bibliogr. s. 93-98 
650 0 7 |a poľnohospodárska pôda  |2 SNK  |9 31794 
655 7 |a príručky  |2 SNK  |9 74364 
700 1 |a Vilček, Jozef,  |d 1957-  |4 aut  |9 192382 
919 |a 80-85361-75-2 
958 |a OND 
958 |a TL 
958 |a NB 
999 |c 1154530  |d 1156460 
952 |t P60, <03>, [BOOK], {603}  |a SNK  |b SNK  |y PREZ  |7 0  |p 17A0261792  |o snkSC 103476  |i snkKSP 13061/2000  |0 0  |1 0  |4 0  |d 2000-12-14  |f 1  |l 0  |r 2025-09-24 00:00:00  |w 2026-02-24 
952 |t P60, <04>, [BOOK], {604}  |a SNK  |b SNK  |y VYP  |7 0  |p 17A0261793  |o snkSC 103476 D1  |i snkKSP 13062/2000  |0 0  |1 0  |4 0  |d 2000-12-14  |l 0  |r 2005-01-02 00:00:00  |w 2026-02-24